000 01173cab a2200205 4500
001 ##L134621
008 060818n2006 000 0 eng u
035 _a(Sirsi) u134621
041 0 _aeng
100 1 _aRussell-Croucher, Martin
245 0 0 _aAccess all areas
260 _c2006
490 0 _aRICS Building Surveying Faculty The Journal
_vJuly 2006, 12(1)
520 _aRICS has launched an Inclusive Environment Consultants Scheme, that will provide a register of qualified consultants able to advise on inclusive environmental strategies. Membership will be based on professional entry criteria and an assessment process involving specialist training courses, examinations, practical experience and an interview. The process will be managed and assessed by the Royal Society for the Promotion of Health. Once on the register, consultants will be able to understand the needs of the range of disabled people who require access to buildings.
590 _aIKA220806
650 2 4 _aDISABILITY DISCRIMINATION ACT 1995
651 4 _aUnited Kingdom
_y
690 _aMANAGEMENT-BUSINESS MANAGEMENT-DISCRIMINATION-DISABILITY DISCRIMINATION-ACCESSIBILITY
942 _n0
999 _c77595
_d77595